|
|
|
|
| LEADER |
00691nab a2200205 i 4500 |
| 001 |
publ20184 |
| 005 |
20210112114850.0 |
| 008 |
210112s2020 hu o 0|| zxx d |
| 022 |
|
|
|a 0133-5596
|
| 024 |
7 |
|
|a 10.26430/CHUNGARICA.2020.50.3.187
|2 doi
|
| 024 |
7 |
|
|a 31384965
|2 mtmt
|
| 040 |
|
|
|a SZTE Publicatio Repozitórium
|b hun
|
| 041 |
|
|
|a zxx
|
| 100 |
1 |
|
|a Benák Attila
|
| 245 |
1 |
0 |
|a Pacemaker/ICD-infekció
|h [elektronikus dokumentum] :
|b fókuszban a prevenció /
|c Benák Attila
|
| 260 |
|
|
|c 2020
|
| 300 |
|
|
|a 187-191
|
| 490 |
0 |
|
|a CARDIOLOGIA HUNGARICA
|v 50 No. 3
|
| 700 |
0 |
1 |
|a Sághy László
|e aut
|
| 856 |
4 |
0 |
|u http://publicatio.bibl.u-szeged.hu/20184/1/2020_3_Benak_Attila.pdf
|z Dokumentum-elérés
|